[Event "Ciencias Prueba"]
[Site "Ciencias"]
[Date "2019.05.30"]
[Round "1.8"]
[White "Costilla, Eduardo"]
[Black "Zito, Alberto"]
[Result "0-1"]
[WhiteElo "1448"]
[BlackElo "1609"]
[PlyCount "77"]
[EventDate "2019.05.30"]
[EventType "swiss"]
[EventRounds "9"]
[EventCountry "ARG"]
[SourceTitle "EXT 2024"]
[Source "ChessBase"]
[SourceDate "2023.10.10"]
[SourceVersion "1"]
[SourceVersionDate "2023.10.10"]
[SourceQuality "1"]

1. d4 c5 2. c3 e6 3. Bf4 Nf6 4. e3 Nc6 5. Nd2 d5 6. Ngf3 cxd4 7. exd4 Nh5 8. Be5 Nxe5 9. Nxe5 Nf6 10. Bb5+ Bd7 11. Qa4 a6 12. Bxd7+ Nxd7 13. Ndf3 b5 14. Qc2 Bd6 15. 0-0 Nxe5 16. Nxe5 Bxe5 17. dxe5 Qc7 18. Qe2 Qc6 19. Rfe1 0-0 20. Qg4 Rfc8 21. Re3 Qc4 22. Qg5 h6 23. Qh5 b4 24. Rf3 Ra7 25. Rg3 Kf8 26. h3 Rac7 27. Rf3 bxc3 28. Rxc3 Qb4 29. Rxc7 Rxc7 30. b3 Rc2 31. Qd1 Qc3 32. f4 Qe3+ 33. Kh1 Qf2 34. Qg1 Qxf4 35. Qb6 Kg8 36. Qxa6 Qxe5 37. Rf1 Qg3 38. Rg1 Qf2 39. a4 0-1

[Event "Ciencias Prueba"]
[Site "Ciencias"]
[Date "2019.??.??"]
[Round "4.4"]
[White "Costilla, Eduardo"]
[Black "Fischer, Hugo"]
[Result "0-1"]
[WhiteElo "1448"]
[BlackElo "1662"]
[PlyCount "80"]
[EventDate "2019.05.30"]
[EventType "swiss"]
[EventRounds "9"]
[EventCountry "ARG"]
[SourceTitle "EXT 2024"]
[Source "ChessBase"]
[SourceDate "2023.10.10"]
[SourceVersion "1"]
[SourceVersionDate "2023.10.10"]
[SourceQuality "1"]

1. d4 Nf6 2. Bf4 g6 3. e3 Bg7 4. Nf3 d6 5. h3 0-0 6. Nbd2 Nc6 7. c3 e5 8. Bg5 h6 9. Bh4 g5 10. Bg3 Qe7 11. dxe5 dxe5 12. Qc2 Nh5 13. Bh2 Be6 14. g4 Nf4 15. exf4 exf4 16. 0-0-0 Bxa2 17. Bc4 Bxc4 18. Nxc4 Qc5 19. Na3 b5 20. Ne1 a5 21. Nd3 Qb6 22. f3 b4 23. Bg1 Qb8 24. Nc4 bxc3 25. bxc3 a4 26. Bc5 Re8 27. Rhe1 Qb5 28. Rxe8+ Rxe8 29. Na3 Qa5 30. Bb4 Nxb4 31. cxb4 Qd5 32. Re1 Rxe1+ 33. Nxe1 Qe5 34. Nc4 Qxe1+ 35. Qd1 Qc3+ 36. Qc2 Qxb4 37. Qd3 Qe1+ 38. Kc2 Qf2+ 39. Kd1 Qc5 40. Kc2 a3 0-1

[Event "Ciencias Prueba"]
[Site "Ciencias"]
[Date "2019.??.??"]
[Round "7.4"]
[White "Costilla, Eduardo"]
[Black "Sterki, Juan"]
[Result "1-0"]
[WhiteElo "1448"]
[BlackElo "1461"]
[PlyCount "49"]
[EventDate "2019.05.30"]
[EventType "swiss"]
[EventRounds "9"]
[EventCountry "ARG"]
[SourceTitle "EXT 2024"]
[Source "ChessBase"]
[SourceDate "2023.10.10"]
[SourceVersion "1"]
[SourceVersionDate "2023.10.10"]
[SourceQuality "1"]

1. d4 Nf6 2. Bf4 d6 3. e3 g6 4. h3 Bg7 5. Nf3 b6 6. c3 Bb7 7. Nbd2 Nbd7 8. Bc4 a6 9. 0-0 0-0 10. Qb3 b5 11. Be2 c5 12. Rfe1 cxd4 13. exd4 Rb8 14. Bd3 Nh5 15. Bh2 e5 16. Be4 Nf4 17. Bxb7 Rxb7 18. dxe5 Nd3 19. Re2 dxe5 20. Rd1 Nf4 21. Bxf4 exf4 22. Ne4 Qc7 23. Nd6 Rbb8 24. Re7 Rbd8 25. Nxf7 1-0